000 00347nam a22001457a 4500
999 _c257104
_d257103
003 OSt
005 20180801110813.0
008 180801b xxu||||| |||| 00| 0 eng d
020 _a0-553-5340-X
040 _cn/a
100 _aStephen W.Hawking
245 _aA Brief History Of Time
260 _aNew York
_bBantam Books
_c1988
942 _2lcc
_cBK